معركة الحزام الذهبي الأولى / (Record no. 15986)

MARC details
000 -الفاتح
حقل البيانات ثابتة الطول 00773nam a22001817a 4500
008 - عناصر البيانات ثابتة الطول - معلومات عامة
حقل البيانات ثابتة الطول 110911t xxu||||| |||| 00| 0 ara d
082 ## - رقم تصنيف ديوى العشرى
رقم الطبعة 22
رقم التصنيف 320.9
رقم المادة ت ه ا
100 ## - المدخل الرئيسى - إسم شخصى
9 (RLIN) 27099
الإسم الشخصى التهامي ، حسن
245 ## - بيان العنوان
العنوان معركة الحزام الذهبي الأولى /
بيان المسئوليه,etc حسن التهامي ، محمد الطويل
260 ## - PUBLICATION, DISTRIBUTION, ETC. (IMPRINT)
مكان الناشر او الموزع [د.م] :
اسم الناشر او الموزع المؤلفين ، 1990
تاريخ النشر أو التوزيع 1990
300 ## - الوصف المادى
التعداد 302 ص ؛
أبعاد الوعاء 24 سم
650 ## - المدخل الاضافى بالموضوع-مصطلح موضوعى
9 (RLIN) 15920
مصطلح موضوعي أو اسم جغرافي كعنصر مدخل البترول
التقسيم الفرعي العام الجوانب السياسية
650 ## - المدخل الاضافى بالموضوع-مصطلح موضوعى
9 (RLIN) 14953
مصطلح موضوعي أو اسم جغرافي كعنصر مدخل حرب أكتوبر 1973م
التقسيم الفرعي الجغرافي مصر
653 ## - مصطلح تكشيفى غير مقيد
Resource For college
700 ## - المدخل الاضافى - اسم شخصى
9 (RLIN) 26617
الإسم الشخصى الطويل ، محمد
942 ## - عناصر المدخل الإضافي( كوها)
مصدر التصنيف او مخطط الترفيف Dewey Decimal Classification
Koha [default] item type Book - Borrowing
Holdings
حالة التراجع حالة الفقد مصدر التصنيف او خطة الترفيف حالة تلف ليس للاعارة مجموعات كوها المكان الدائم المكان الحالي موقع الترفيف تاريخ الاكتساب Source of acquisition رقم الاستدعاء الباركود Date last seen نوع الوعاء
    Dewey Decimal Classification     Alef-Baa Central Library Central Library First floor 11/09/2011   320.9 ت ه ا 000024687 15/07/2025 Book - Borrowing